MARC details
| 000 -LEADER |
| campo de control de longitud fija |
02193nam a2200421 i 4500 |
| 001 - NÚMERO DE CONTROL |
| campo de control |
90763 |
| 003 - IDENTIFICADOR DE NÚMERO DE CONTROL |
| campo de control |
ES-MaACL |
| 005 - FECHA Y HORA DE LA ÚLTIMA TRANSACCIÓN |
| campo de control |
20251013104901.0 |
| 008 - DATOS DE LONGITUD FIJA--INFORMACIÓN GENERAL |
| campo de control de longitud fija |
211223s2017 sp abe 001 0 spa |
| 020 ## - NÚMERO INTERNACIONAL ESTÁNDAR DEL LIBRO |
| Número Internacional Estándar del Libro |
9788493498986 |
| 080 ## - NÚMERO DE LA CLASIFICACIÓN DECIMAL UNIVERSAL |
| Número de la Clasificación Decimal Universal |
929-054.7(=1:460.15:73)"17/18"(083.824) |
| 080 ## - NÚMERO DE LA CLASIFICACIÓN DECIMAL UNIVERSAL |
| Número de la Clasificación Decimal Universal |
94(73)"1775/83"(083.824) |
| 080 ## - NÚMERO DE LA CLASIFICACIÓN DECIMAL UNIVERSAL |
| Número de la Clasificación Decimal Universal |
930.85(73:460)(083.824) |
| 245 03 - MENCIÓN DEL TÍTULO |
| Título |
La memoria recobrada : |
| Resto del título |
huellas en la historia de los Estados Unidos = Oroitzapen berreskuruata : aztarnak Estatu Batuen historian = The recovered memory : traces in the history of the United States / |
| Mención de responsabilidad, etc. |
José Manuel Guerrero Acosta (ed.) ; traducciones, Jesus Mª Lasa Barandiaran, Paul Edson, Araceli Montero Valdivia. |
| 246 3# - FORMA VARIANTE DEL TITULO |
| Título propio/Titulo breve |
Oroitzapen berreskuruata |
| 260 ## - PUBLICACIÓN, DISTRIBUCIÓN, ETC. |
| Lugar de publicación, distribución, etc. |
[Bilbao] : |
| Nombre del editor, distribuidor, etc. |
Iberdrola, |
| Fecha de publicación, distribución, etc. |
[2017] |
| 300 ## - DESCRIPCIÓN FÍSICA |
| Extensión |
389 p. : |
| Otras características físicas |
il. col. y n., mapas col., planos col. ; |
| Dimensiones |
30 cm. |
| 500 ## - NOTA GENERAL |
| Nota general |
Índice disponible en Dialnet. |
| 504 ## - NOTA DE BIBLIOGRAFÍA, ETC. |
| Nota de bibliografía, etc. |
Referencias bibliográficas. |
| 530 ## - NOTA DISPONIBLE DE FORMULARIO FÍSICO ADICIONAL |
| Nota de formato físico adicional disponible |
Disponible en formato digital. |
| 546 ## - NOTA DE IDIOMA |
| Nota de lengua/lenguaje |
Textos en español, vasco e inglés. |
| 585 ## - NOTA DE EXPOSICIONES |
| Nota de exposiciones |
Exposición: Torre Iberdrola, Bilbao, del 10 de abril al 2 de julio de 2017. |
| 650 #4 - PUNTO DE ACCESO ADICIONAL DE MATERIA--TÉRMINO DE MATERIA |
| Término de materia o nombre geográfico como elemento de entrada |
Vascos- |
| Subdivisión geográfica |
Estados Unidos- |
| Subdivisión de forma |
Exposiciones. |
| 9 (RLIN) |
173908 |
| 651 #4 - PUNTO DE ACCESO ADICIONAL DE MATERIA--NOMBRE GEOGRÁFICO |
| Nombre geográfico |
Estados Unidos- |
| Subdivisión general |
Historia- |
| Subdivisión cronológica |
1775-1783, Revolución- |
| Subdivisión general |
Participación española- |
| Subdivisión de forma |
Exposiciones. |
| 9 (RLIN) |
173910 |
| 651 #4 - PUNTO DE ACCESO ADICIONAL DE MATERIA--NOMBRE GEOGRÁFICO |
| Nombre geográfico |
Estados Unidos- |
| Subdivisión general |
Civilización- |
| -- |
Influencia española- |
| Subdivisión de forma |
Exposiciones. |
| 9 (RLIN) |
173911 |
| 655 #7 - TERMINO DE INDIZACIÓN--GENERO/FORMA |
| Fuente del término |
tgfbne |
| 9 (RLIN) |
193628 |
| Datos o término principal de género/forma |
Catálogos de exposiciones |
| 700 1# - ENTRADA AGREGADA--NOMBRE PERSONAL |
| Nombre de persona |
Guerrero Acosta, José Manuel, |
| Fechas asociadas al nombre |
1959- |
| 9 (RLIN) |
234245 |
| 700 1# - ENTRADA AGREGADA--NOMBRE PERSONAL |
| Nombre de persona |
Lasa Barandiaran, Jesus Mari. |
| 9 (RLIN) |
173909 |
| 700 1# - ENTRADA AGREGADA--NOMBRE PERSONAL |
| Nombre de persona |
Edson, Paul. |
| 9 (RLIN) |
173904 |
| 700 1# - ENTRADA AGREGADA--NOMBRE PERSONAL |
| Nombre de persona |
Montero Valdivia, Araceli. |
| 9 (RLIN) |
173906 |
| 710 2# - ENTRADA AGREGADA--NOMBRE DE ENTIDAD CORPORATIVA |
| Nombre de entidad corporativa o nombre de jurisdicción como elemento de entrada |
Iberdrola. |
| 9 (RLIN) |
4634 |
| 740 42 - ENTRADA AGREGADA--TÍTULO RELACIONADO/ANALÍTICO NO CONTROLADO |
| Título relacionado o analítico no controlado |
The recovered memory. |
| 852 4# - LOCALIZACIÓN |
| Ubicación |
ES-MaACL |
| Número de control de estantería |
A-14807 |
| itemnumber |
94083 |
| Sublocalización o colección |
R.152361 |
| Ubicación en estantería |
Depósito 1 |
| Signatura antigua |
Olim: N-7807 |
| Donativo/Legado |
Donación: Editorial |
| 856 4# - LOCALIZACIÓN Y ACCESO ELECTRÓNICOS |
| Identificador Uniforme de Recursos |
<a href="https://www.iberdrola-arte.es/FicherosIberdrola/Publicaciones/6/1f4b1f91-2d29-445b-ac0b-3b47c788aa49.pdf">https://www.iberdrola-arte.es/FicherosIberdrola/Publicaciones/6/1f4b1f91-2d29-445b-ac0b-3b47c788aa49.pdf</a> |
| Texto de enlace |
Iberdrola |
| 856 4# - LOCALIZACIÓN Y ACCESO ELECTRÓNICOS |
| Identificador Uniforme de Recursos |
<a href="https://dialnet.unirioja.es/servlet/libro?codigo=685413&utm_source=catalogo.bne.es&utm_medium=libro&utm_campaign=Dialnet_Widgets">https://dialnet.unirioja.es/servlet/libro?codigo=685413&utm_source=catalogo.bne.es&utm_medium=libro&utm_campaign=Dialnet_Widgets</a> |
| Texto de enlace |
Índice (Dialnet) |
| 942 ## - ELEMENTOS DE ENTRADA SECUNDARIOS (KOHA) |
| Fuente del sistema de clasificación o colocación |
Clasificación decimal universal |